000 01034nam a22002777a 4500
001 4815
003 FISKH
005 20241016122518.0
008 241016b cb ||||| |||| 00| 0 eng d
020 _a9780545813075
040 _aFISKH
_beng
_cFISKH
_dFISKH
050 _aPZ7.L231715
082 _a302.34
100 _aLanders, Ace
245 _aEmmet"s Guide to Being Awesome :
_bFun tips, awesome advice, hilarious jokes, and more ! /
_cby Ace Landers
250 _aThis edition first printing, January 2015
260 _aNew York :
_bScholastic ;
_c2015.
300 _a124 pages :
_bcolor illustrations ;
_c22 cm .
505 _aO
520 _aEmmet, the main character from "The LEGO movie" outlines his philosophy of life and reveals what he has learned from his adventures and his relationships with the Master Builders about friendship, travel, identity, and other topics.
521 8 _a600
_bLexile
521 8 _aO
_bRaz-Plus
650 _aLego
_vfiction
942 _2ddc
_cBK
_n0
999 _c4815
_d4815